Culture Générale - Série 271 - Statistiques

Statistiques générales
  • Ce quiz a été pris 296 fois
  • Le résultat moyen est 6 sur 10
Statistiques - réponses
Question Réponse % Correct
De quel sport le Serbe Novak Djokovic est-il l'un des meilleurs joueurs ? Le tennis
98%
A quel moment de la journée l'expression "potron-minet" est-elle associée ? Le matin
84%
Quel nombre s'écrit LXI en chiffres romains ? 61
83%
En 1981, à quel chanteur Dalida rend-elle hommage dans "Il pleut sur Bruxelles" ? Jacques Brel
80%
Que signifie la lettre A dans le sigle ENA quand il désigne une célèbre école ? Administration
72%
Dans quel sport les frères Yves et Marc Pajot se sont-ils illustrés ? La voile
43%
Quelle plante potagère est parfois appelée "l'asperge du pauvre" ? Le poireau
39%
Qui a dirigé "Le Petit Conservatoire de la chanson" de 1955 à 1975 ? Mireille
38%
Quel comédien divorce de Meryl Streep dans le film "Kramer contre Kramer" ? Dustin Hoffman
36%
Quelle émission hebdomadaire Michel Polac a-t-il animée de 1981 à 1987 ? Droit de réponse
25%
Aucun quiz correspondant
Distribution des résultats
% des personnes avec chaque résultat
Percentile par nombre de réponses
Votre historique - résultats
Vous n’avez pas pris ce quiz